[Event "OP-2014-0-03413"]
[Site "LSS email"]
[Date "2014.06.04"]
[Round "?"]
[White "Wood, Brian B"]
[Black "Huseby, Juan Carlos"]
[Result "0-1"]
[WhiteElo "682"]
[BlackElo "445"]
[PlyCount "34"]
[EventDate "2014.05.30"]
[EventType "tourn (corr)"]
[EventRounds "4"]
[EventCountry "GER"]
[SourceTitle "Corr 2015"]
[Source "ChessBase"]
[SourceDate "2015.07.17"]
[SourceVersion "1"]
[SourceVersionDate "2015.07.17"]
[SourceQuality "1"]

1. e4 Nc6 2. Nf3 e5 3. Bc4 Nf6 4. d3 Bc5 5. Nc3 d5 6. exd5 Bxf2+ 7. Kxf2 Bg4 8. dxc6 bxc6 9. Bxf7+ Ke7 10. Bc4 Qd4+ 11. Nxd4 Bxd1 12. Nxc6+ Kd6 13. Nxe5 Bxc2 14. Nf7+ Ke7 15. Nxh8 Rxh8 16. Re1+ Kd8 17. Bg5 h6 0-1

[Event "SN-2014-0-00600"]
[Site "LSS email"]
[Date "2014.05.31"]
[Round "?"]
[White "Raines, David T"]
[Black "Wood, Brian B"]
[Result "1-0"]
[WhiteElo "939"]
[BlackElo "682"]
[PlyCount "29"]
[EventDate "2014.05.21"]
[EventType "tourn (corr)"]
[EventRounds "6"]
[EventCountry "GER"]
[SourceTitle "Corr 2015"]
[Source "ChessBase"]
[SourceDate "2015.07.17"]
[SourceVersion "1"]
[SourceVersionDate "2015.07.17"]
[SourceQuality "1"]

1. Nf3 d5 2. c4 e6 3. d4 Nf6 4. Bg5 Be7 5. Nc3 0-0 6. e3 c5 7. cxd5 exd5 8. Bd3 c4 9. Bc2 Nc6 10. Rc1 h6 11. Bh4 a6 12. Bb1 b5 13. a3 Bg4 14. Qc2 b4 15. Bxf6 1-0

[Event "SN-2014-0-00600"]
[Site "LSS email"]
[Date "2014.05.31"]
[Round "?"]
[White "Wood, Brian B"]
[Black "Newton, Daryl"]
[Result "0-1"]
[WhiteElo "682"]
[BlackElo "532"]
[PlyCount "32"]
[EventDate "2014.05.21"]
[EventType "tourn (corr)"]
[EventRounds "6"]
[EventCountry "GER"]
[SourceTitle "Corr 2015"]
[Source "ChessBase"]
[SourceDate "2015.07.17"]
[SourceVersion "1"]
[SourceVersionDate "2015.07.17"]
[SourceQuality "1"]

1. e4 e5 2. Nf3 Nf6 3. Nxe5 Qe7 4. Nf3 d5 5. e5 Nc6 6. Bb5 Ng4 7. d4 Qb4+ 8. Nc3 a6 9. Bxc6+ bxc6 10. 0-0 Qe7 11. Re1 Qe6 12. h3 Qg6 13. e6 Bxe6 14. Ne5 Nxe5 15. dxe5 Bxh3 16. g3 Be7 0-1

[Event "SN-2014-0-00578"]
[Site "LSS email"]
[Date "2014.03.02"]
[Round "?"]
[White "Wood, Brian B"]
[Black "Meyer, Frank"]
[Result "1-0"]
[WhiteElo "682"]
[BlackElo "553"]
[PlyCount "39"]
[EventDate "2014.02.10"]
[EventType "tourn (corr)"]
[EventRounds "6"]
[EventCountry "GER"]
[SourceTitle "Corr 2015"]
[Source "ChessBase"]
[SourceDate "2015.07.17"]
[SourceVersion "1"]
[SourceVersionDate "2015.07.17"]
[SourceQuality "1"]

1. e4 d6 2. d4 Nf6 3. Nc3 g6 4. f4 Bg7 5. Nf3 Bg4 6. Be2 Nbd7 7. 0-0 0-0 8. e5 dxe5 9. fxe5 Ne8 10. Ng5 Bxe2 11. Qxe2 Nb6 12. Nf3 Rc8 13. Rd1 e6 14. Be3 Nd5 15. Nxd5 Qxd5 16. c4 Qd7 17. d5 exd5 18. Rxd5 Qe6 19. Bc5 c6 20. Nd4 1-0

[Event "SN-2014-0-00569"]
[Site "LSS email"]
[Date "2014.01.16"]
[Round "?"]
[White "Meyer, Frank"]
[Black "Wood, Brian B"]
[Result "0-1"]
[WhiteElo "553"]
[BlackElo "853"]
[PlyCount "52"]
[EventDate "2014.01.02"]
[EventType "tourn (corr)"]
[EventRounds "6"]
[EventCountry "GER"]
[SourceTitle "Telechess CBM 167"]
[Source "ChessBase"]
[SourceDate "2015.07.13"]
[SourceVersion "1"]
[SourceVersionDate "2015.07.13"]
[SourceQuality "1"]

1. d4 d5 2. c4 c6 3. Nf3 Nf6 4. Nc3 dxc4 5. Bf4 e6 6. h3 Nd5 7. Bh2 Qa5 8. Qd2 Bb4 9. Rc1 b5 10. e4 Nxc3 11. bxc3 Be7 12. Be2 0-0 13. g4 Nd7 14. 0-0 Nf6 15. Qc2 Bb7 16. Nd2 c5 17. f4 cxd4 18. e5 d3 19. Bxd3 cxd3 20. Qxd3 Rfd8 21. Qe3 Nd5 22. Qf2 Nxc3 23. Nb3 Qb4 24. Qe1 Rd3 25. Rc2 Bh4 26. Qa1 Qe4 0-1

[Event "OP-2013-0-03200"]
[Site "LSS email"]
[Date "2013.12.27"]
[Round "?"]
[White "Narkun, Michal"]
[Black "Wood, Brian B"]
[Result "1-0"]
[WhiteElo "2265"]
[BlackElo "819"]
[PlyCount "41"]
[EventDate "2013.12.24"]
[EventType "tourn (corr)"]
[EventRounds "4"]
[EventCountry "GER"]
[SourceTitle "Telechess CBM 167"]
[Source "ChessBase"]
[SourceDate "2015.07.13"]
[SourceVersion "1"]
[SourceVersionDate "2015.07.13"]
[SourceQuality "1"]

1. f3 e5 2. Nh3 d5 3. Nf2 Nc6 4. b3 Nf6 5. Bb2 Bd6 6. e3 Be6 7. Bb5 0-0 8. 0-0 a6 9. Bxc6 bxc6 10. Nc3 c5 11. Ba3 c6 12. Na4 Nd7 13. c4 dxc4 14. Ne4 Be7 15. Nexc5 Nxc5 16. Bxc5 Bxc5 17. Nxc5 cxb3 18. axb3 Qb6 19. Qc2 a5 20. Ra4 Bd5 21. Nd7 1-0

[Event "LSS No Engine Cup 100 Preliminary 7"]
[Site "LSS email"]
[Date "2013.12.13"]
[Round "?"]
[White "Wood, Brian B"]
[Black "Brattin, Bryan"]
[Result "1-0"]
[WhiteElo "853"]
[BlackElo "700"]
[PlyCount "53"]
[EventDate "2013.12.14"]
[EventType "tourn (corr)"]
[EventRounds "6"]
[EventCountry "GER"]
[SourceTitle "Telechess CBM 167"]
[Source "ChessBase"]
[SourceDate "2015.07.13"]
[SourceVersion "1"]
[SourceVersionDate "2015.07.13"]
[SourceQuality "1"]

1. d4 d5 2. c4 e5 3. dxe5 dxc4 4. Qxd8+ Kxd8 5. Nc3 Nc6 6. Nf3 Be6 7. e4 a5 8. Be3 Nb4 9. 0-0-0+ Ke8 10. Ng5 Nc6 11. Nxe6 fxe6 12. f4 g6 13. Bxc4 Kf7 14. Nb5 Rc8 15. Rd7+ Nge7 16. Rxc7 Rxc7 17. Nxc7 Bh6 18. Bxe6+ Kf8 19. Rd1 a4 20. Kc2 Kg7 21. Bd7 Nb4+ 22. Kb1 Rc8 23. Bxc8 Nxc8 24. Rd7+ Kg8 25. Rd8+ Bf8 26. Rxc8 Nd3 27. e6 1-0

[Event "RN-2013-0-00738"]
[Site "LSS email"]
[Date "2013.12.11"]
[Round "?"]
[White "Lombardi, Donato"]
[Black "Wood, Brian B"]
[Result "1-0"]
[WhiteElo "855"]
[BlackElo "819"]
[PlyCount "71"]
[EventDate "2013.12.02"]
[EventType "tourn (corr)"]
[EventRounds "6"]
[EventCountry "GER"]
[SourceTitle "Telechess CBM 167"]
[Source "ChessBase"]
[SourceDate "2015.07.13"]
[SourceVersion "1"]
[SourceVersionDate "2015.07.13"]
[SourceQuality "1"]

1. e4 c6 2. d4 d5 3. Nc3 dxe4 4. Nxe4 Bf5 5. Ng3 Bg6 6. Nf3 Nd7 7. Bd3 Bxd3 8. Qxd3 Ngf6 9. 0-0 e6 10. Bg5 Be7 11. Rad1 0-0 12. c4 Qc7 13. Rfe1 h6 14. Bc1 Bd6 15. Ne4 Nxe4 16. Qxe4 Nf6 17. Qd3 Rad8 18. Be3 Bf4 19. Qc3 Bxe3 20. fxe3 c5 21. a3 cxd4 22. exd4 b6 23. b4 Rc8 24. Rc1 Rfd8 25. c5 bxc5 26. dxc5 Nd5 27. Qe5 Qxe5 28. Nxe5 Kf8 29. b5 Nf6 30. c6 Ke7 31. a4 Rd5 32. Nc4 Rd4 33. a5 Nd5 34. b6 axb6 35. Nxb6 Nxb6 36. axb6 1-0

[Event "RN-2013-0-00738"]
[Site "LSS email"]
[Date "2013.12.11"]
[Round "?"]
[White "Wood, Brian B"]
[Black "Newton, Daryl"]
[Result "1-0"]
[WhiteElo "819"]
[BlackElo "503"]
[PlyCount "43"]
[EventDate "2013.12.02"]
[EventType "tourn (corr)"]
[EventRounds "6"]
[EventCountry "GER"]
[SourceTitle "Telechess CBM 167"]
[Source "ChessBase"]
[SourceDate "2015.07.13"]
[SourceVersion "1"]
[SourceVersionDate "2015.07.13"]
[SourceQuality "1"]

1. d4 d5 2. c4 dxc4 3. Nc3 e6 4. e4 Be7 5. Bxc4 Bh4 6. Nf3 Bf6 7. e5 Be7 8. 0-0 Nc6 9. Be3 Nh6 10. Bd3 Nb4 11. Qa4+ Bd7 12. Qd1 Nxd3 13. Qxd3 Ng4 14. Bf4 Bh4 15. Bg3 Bxg3 16. fxg3 h5 17. d5 Qe7 18. Qd4 exd5 19. Nxd5 Qd8 20. e6 Bc6 21. Qxg7 Bxd5 22. Qxf7# 1-0

[Event "RN-2013-0-00738"]
[Site "LSS email"]
[Date "2013.12.11"]
[Round "?"]
[White "Wood, Brian B"]
[Black "Torfs, Gert"]
[Result "1-0"]
[WhiteElo "819"]
[BlackElo "735"]
[PlyCount "65"]
[EventDate "2013.12.02"]
[EventType "tourn (corr)"]
[EventRounds "6"]
[EventCountry "GER"]
[SourceTitle "Telechess CBM 167"]
[Source "ChessBase"]
[SourceDate "2015.07.13"]
[SourceVersion "1"]
[SourceVersionDate "2015.07.13"]
[SourceQuality "1"]

1. d4 d5 2. c4 e6 3. Nc3 c6 4. cxd5 cxd5 5. Nf3 Bb4 6. e3 Nf6 7. Bd3 Nc6 8. 0-0 0-0 9. a3 Ba5 10. Bd2 Bd7 11. b4 Bc7 12. e4 dxe4 13. Nxe4 Nxe4 14. Bxe4 Re8 15. Bc3 Rb8 16. b5 Na5 17. a4 Nc4 18. Qd3 f5 19. Bxf5 exf5 20. Qxc4+ Be6 21. Qd3 Qd6 22. Rfe1 Bd5 23. Rxe8+ Rxe8 24. Re1 Rxe1+ 25. Bxe1 Bxf3 26. Qxf3 Qxh2+ 27. Kf1 Qh1+ 28. Ke2 Qh4 29. Qd5+ Kf8 30. Bb4+ Ke8 31. Qg8+ Kd7 32. Qxg7+ Qe7+ 33. Qxe7+ 1-0

[Event "ZN-2013-0-02514"]
[Site "LSS email"]
[Date "2013.12.10"]
[Round "?"]
[White "Rey, Dieter"]
[Black "Wood, Brian B"]
[Result "0-1"]
[WhiteElo "619"]
[BlackElo "819"]
[PlyCount "90"]
[EventDate "2013.12.07"]
[EventType "match (corr)"]
[EventRounds "2"]
[EventCountry "GER"]
[SourceTitle "Telechess CBM 167"]
[Source "ChessBase"]
[SourceDate "2015.07.13"]
[SourceVersion "1"]
[SourceVersionDate "2015.07.13"]
[SourceQuality "1"]

1. d4 d5 2. c4 c6 3. Nc3 Nf6 4. cxd5 cxd5 5. e3 g6 6. Nf3 Bg7 7. Be2 0-0 8. 0-0 a6 9. Ne5 Nc6 10. Nxc6 bxc6 11. Rb1 Rb8 12. Na4 Nd7 13. b3 e5 14. dxe5 Bxe5 15. Ba3 Re8 16. Qc2 Bg7 17. Bd6 Rb7 18. Qxc6 Ne5 19. Bxe5 Bxe5 20. Nc3 Rc7 21. Qxd5 Bxc3 22. Qxd8 Rxd8 23. Rfd1 Rxd1+ 24. Rxd1 Bf6 25. h3 Rc2 26. Bf1 Rxa2 27. Rc1 Be6 28. b4 Kg7 29. b5 axb5 30. Bxb5 Ra1 31. Rxa1 Bxa1 32. Kh2 Bd5 33. Bd3 f5 34. f3 Be5+ 35. Kg1 Kf6 36. e4 Bd4+ 37. Kh1 fxe4 38. fxe4 Be6 39. h4 Bf2 40. Kh2 Bxh4 41. g3 Bg5 42. Kg2 h5 43. Kf3 Ke5 44. Bb1 Bg4+ 45. Kg2 Be3 0-1

[Event "TH-M-2869a.1"]
[Site "IECC email"]
[Date "2012.12.06"]
[Round "?"]
[White "Wood, Brian B"]
[Black "Che, Tai"]
[Result "1-0"]
[WhiteElo "1479"]
[BlackElo "1358"]
[PlyCount "39"]
[EventDate "2012.??.??"]
[EventType "tourn (corr)"]
[SourceTitle "Telechess CBM 165"]
[Source "ChessBase"]
[SourceDate "2015.03.11"]
[SourceVersion "1"]
[SourceVersionDate "2015.03.11"]
[SourceQuality "1"]
[WhiteTeam "US of America"]
[BlackTeam "Canada"]
[WhiteTeamCountry "USA"]
[BlackTeamCountry "CAN"]

1. e4 e5 2. Nf3 Nc6 3. Bb5 a6 4. Ba4 Nf6 5. 0-0 Be7 6. Re1 b5 7. Bb3 0-0 8. a4 Bb7 9. axb5 axb5 10. Rxa8 Qxa8 11. d3 h6 12. Bd2 Bc5 13. Nc3 Ng4 14. Rf1 b4 15. Nd5 Bd6 16. Ne1 Nf6 17. Nxf6+ gxf6 18. Bxh6 Kh7 19. Qh5 Qe8 20. Bg5+ 1-0

[Event "IECC Swiss-560.2"]
[Site "IECC email"]
[Date "2012.08.20"]
[Round "?"]
[White "Bascetta, Biagio J"]
[Black "Wood, Brian B"]
[Result "0-1"]
[WhiteElo "1850"]
[BlackElo "1458"]
[PlyCount "48"]
[EventDate "2012.??.??"]
[EventType "swiss (corr)"]
[EventRounds "1"]
[SourceTitle "Telechess CBM 165"]
[Source "ChessBase"]
[SourceDate "2015.03.11"]
[SourceVersion "1"]
[SourceVersionDate "2015.03.11"]
[SourceQuality "1"]
[WhiteTeam "Italy"]
[BlackTeam "US of America"]
[WhiteTeamCountry "ITA"]
[BlackTeamCountry "USA"]

1. e4 c6 2. d4 d5 3. Nc3 dxe4 4. Nxe4 Bf5 5. Ng3 Bg6 6. Nh3 e6 7. Nf4 Nd7 8. Nxg6 hxg6 9. c3 Ngf6 10. Bd3 Qc7 11. 0-0 0-0-0 12. a4 Bd6 13. a5 a6 14. Qf3 Kb8 15. Bg5 e5 16. Bc4 e4 17. Qd1 Rdf8 18. h3 Rxh3 19. gxh3 Bxg3 20. Qb3 Bh2+ 21. Kg2 Ka8 22. Bxf6 Nxf6 23. Bxf7 Rxf7 24. Qxf7 Qxf7 0-1

[Event "P-4745"]
[Site "IECC email"]
[Date "2012.02.18"]
[Round "?"]
[White "Wood, Brian B"]
[Black "Morrison, Michael Francis"]
[Result "1-0"]
[WhiteElo "1451"]
[BlackElo "1418"]
[PlyCount "41"]
[EventDate "2012.??.??"]
[EventType "tourn (corr)"]
[SourceTitle "Telechess CBM 165"]
[Source "ChessBase"]
[SourceDate "2015.03.11"]
[SourceVersion "1"]
[SourceVersionDate "2015.03.11"]
[SourceQuality "1"]
[WhiteTeam "US of America"]
[BlackTeam "US of America"]
[WhiteTeamCountry "USA"]
[BlackTeamCountry "USA"]

1. d4 d5 2. c4 e6 3. Nc3 c5 4. cxd5 exd5 5. dxc5 d4 6. Na4 b5 7. e3 bxa4 8. exd4 Bd7 9. Nf3 Nf6 10. Ne5 Be7 11. Nxd7 Qxd7 12. Bc4 0-0 13. Be3 Nd5 14. 0-0 a6 15. Rc1 Rd8 16. Re1 Bf6 17. Qf3 Nc6 18. Red1 Nce7 19. b3 axb3 20. axb3 Qc6 21. Bd3 1-0

[Event "IECC CL5-2011.20 email"]
[Site "IECC email"]
[Date "2012.01.06"]
[Round "?"]
[White "Wood, Brian B"]
[Black "El Messiry, Raouf"]
[Result "1-0"]
[WhiteElo "1428"]
[BlackElo "1524"]
[PlyCount "29"]
[EventDate "2011.??.??"]
[EventType "tourn (corr)"]
[EventRounds "4"]
[SourceTitle "Corr 2015"]
[Source "ChessBase"]
[SourceDate "2015.07.17"]
[SourceVersion "1"]
[SourceVersionDate "2015.07.17"]
[SourceQuality "1"]
[WhiteTeam "US of America"]
[BlackTeam "Egypt"]
[WhiteTeamCountry "USA"]
[BlackTeamCountry "EGY"]

1. d4 d5 2. c4 c6 3. Nf3 Nf6 4. Nc3 e6 5. Bg5 h6 6. Bh4 dxc4 7. e4 b5 8. e5 g5 9. Nxg5 hxg5 10. Bxg5 Be7 11. exf6 Bxf6 12. Bxf6 Qxf6 13. a4 Bb7 14. axb5 Rh4 15. Bxc4 1-0

[Event "OP-2012-0-01985"]
[Site "LSS email"]
[Date "2012.01.05"]
[Round "?"]
[White "Lombardi, Donato"]
[Black "Wood, Brian B"]
[Result "1-0"]
[WhiteElo "851"]
[BlackElo "438"]
[PlyCount "36"]
[EventDate "2012.01.02"]
[EventType "tourn (corr)"]
[EventRounds "4"]
[EventCountry "GER"]
[SourceTitle "Telechess CBM 157"]
[Source "ChessBase"]
[SourceDate "2013.11.12"]
[SourceVersion "1"]
[SourceVersionDate "2013.11.12"]
[SourceQuality "1"]

1. e4 e6 2. d4 d5 3. exd5 exd5 4. Bd3 Bd6 5. Nf3 Nf6 6. 0-0 0-0 7. Bg5 h6 8. Bh4 Bg4 9. Nbd2 c6 10. c3 Nbd7 11. Qc2 Re8 12. Rfe1 Bxf3 13. Nxf3 Rxe1+ 14. Rxe1 Qc7 15. Bf5 g5 16. Bg3 Bxg3 17. hxg3 Re8 18. Rxe8+ Nxe8 1-0

[Event "OP-2012-0-01985"]
[Site "LSS email"]
[Date "2012.01.05"]
[Round "?"]
[White "Wood, Brian B"]
[Black "Kolanek, Roman"]
[Result "0-1"]
[WhiteElo "438"]
[BlackElo "2043"]
[PlyCount "27"]
[EventDate "2012.01.02"]
[EventType "tourn (corr)"]
[EventRounds "4"]
[EventCountry "GER"]
[SourceTitle "Corr 2015"]
[Source "ChessBase"]
[SourceDate "2015.07.17"]
[SourceVersion "1"]
[SourceVersionDate "2015.07.17"]
[SourceQuality "1"]

1. d4 d5 2. c4 e6 3. Nc3 Nf6 4. cxd5 exd5 5. e3 c5 6. Bb5+ Nc6 7. Nf3 Bd6 8. dxc5 Bxc5 9. 0-0 Be6 10. Bxc6+ bxc6 11. Nd4 Bd7 12. Re1 0-0 13. Nf3 Bb4 14. a3 0-1

[Event "OP-2012-0-01985"]
[Site "LSS email"]
[Date "2012.01.05"]
[Round "?"]
[White "Wood, Brian B"]
[Black "Vontina, Maria"]
[Result "0-1"]
[WhiteElo "438"]
[BlackElo "758"]
[PlyCount "47"]
[EventDate "2012.01.02"]
[EventType "tourn (corr)"]
[EventRounds "4"]
[EventCountry "GER"]
[SourceTitle "Telechess CBM 157"]
[Source "ChessBase"]
[SourceDate "2013.11.12"]
[SourceVersion "1"]
[SourceVersionDate "2013.11.12"]
[SourceQuality "1"]

1. d4 Nf6 2. c4 g6 3. Nc3 Bg7 4. e4 d6 5. f3 0-0 6. Be3 a6 7. Bd3 Nc6 8. Nge2 e5 9. d5 Nb8 10. Qd2 Ne8 11. 0-0 f5 12. exf5 Bxf5 13. Bxf5 Rxf5 14. Ng3 Rf8 15. Nce4 Nd7 16. b4 Qe7 17. Bh6 Nef6 18. Nxf6+ Nxf6 19. Bxg7 Kxg7 20. Ne4 Nxe4 21. fxe4 Rxf1+ 22. Rxf1 Rf8 23. Rxf8 Qxf8 24. Qf2 0-1